| 000 | 00607nam a2200169 a 4500 | ||
|---|---|---|---|
| 001 | 000037369 | ||
| 005 | 20200930080325.0 | ||
| 008 | 120328s2002 sp a 000 0 spa d | ||
| 020 | _a8400080793 | ||
| 040 |
_aDO-SdBNP _bspa _cBNPHU |
||
| 245 | 0 | 0 |
_aJudaísmo Hispano : _bestudios en memoria de José Luis Lacave Riaño / _ceditora Elena Romero. |
| 260 |
_aMadrid : _bConsejo Superior de Investigaciones Científicas, _c2002. |
||
| 300 |
_av. : _bils. ; _c25 cm. |
||
| 500 | _aIncluye notas al pie de las páginas | ||
| 500 | _aLa biblioteca posee los volúmenes I y II | ||
| 700 | 1 |
_aRomero, Elena, _eed. _915365 |
|
| 999 |
_c36859 _d36859 |
||